Cyclisme : Qui a gagné la Flèche Wallonne depuis 1983 !!! - Statistiques

Statistiques générales
  • Ce quiz a été pris 138 fois
  • Le résultat moyen est 26 sur 41
Statistiques - réponses
Années Pays Prénoms Noms % Correct
2021 🇨🇵 Julian Alaphilippe
100%
2019 🇨🇵 Julian Alaphilippe
100%
2018 🇨🇵 Julian Alaphilippe
100%
2017 🇪🇦 Alejandro Valverde
100%
2016 🇪🇦 Alejandro Valverde
100%
2015 🇪🇦 Alejandro Valverde
100%
2014 🇪🇦 Alejandro Valverde
100%
2006 🇪🇦 Alejandro Valverde
100%
2010 🇦🇺 Cadel Evans
98%
2005 🇮🇹 Cadel Evans
98%
2023 🇸🇮 Tadej Pogacar
98%
2011 🇧🇪 Philippe Gilbert
97%
2020 🇨🇭 Marc Hirschi
96%
1997 🇨🇵 Laurent Jalabert
91%
1995 🇨🇵 Laurent Jalabert
91%
2022 🇧🇪 Dylan Teuns
90%
2012 🇪🇦 Joaquim Rodriguez
88%
1983 🇨🇵 Bernard Hinault
83%
1996 🇺🇲 Lance Armstrong
79%
1986 🇨🇵 Laurent Fignon
62%
2009 🇮🇹 Davide Rebellin
62%
2007 🇮🇹 Davide Rebellin
62%
2004 🇮🇹 Davide Rebellin
62%
1994 🇮🇹 Moreno Argentin
44%
1991 🇮🇹 Moreno Argentin
44%
1990 🇮🇹 Moreno Argentin
44%
1999 🇮🇹 Michele Bartoli
44%
2008 🇱🇺 Kim Kirchen
38%
2013 🇪🇦 Daniel Moreno
38%
1998 🇩🇰 Bo Hamburger
35%
1993 🇮🇹 Maurizio Fondriest
32%
2001 🇧🇪 Rik Verbrugghe
29%
2002 🇧🇪 Mario Aerts
28%
2003 🇪🇦 Igor Astarloa
27%
1989 🇧🇪 Claude Criquielion
26%
1985 🇧🇪 Claude Criquielion
26%
1984 🇩🇰 Kim Andersen
23%
2000 🇮🇹 Francesco Casagrande
22%
1992 🇮🇹 Giorgio Furlan
12%
1988 🇩🇪 Rolf Gölz
7%
1987 🇨🇵 Jean-Claude Leclercq
7%
Aucun quiz correspondant
Distribution des résultats
% des personnes avec chaque résultat
Percentile par nombre de réponses
Votre historique - résultats
Vous n’avez pas pris ce quiz